000 00788nac a22002417a 4500
001 BR8400632
003 BR-BrBNA
005 20240105115931.0
008 230509b bl.|||m| |||| 00| 0 por d
040 _aBR-BrBNA
_bpor
_cBiblioteca Nacional de Agricultura
072 _aE70
090 _a5213 BR8400632
110 1 _aInstituto Brasileiro de Economia, Rio de Janeiro, RJ. Centro de Estudos Agricolas
_95764
245 1 _aPrecos medios do boi gordo para corte e da la. 2. semestre de 1983 [Brasil]
260 3 _aRio de Janeiro, RJ (Brasil):
_c1984.
300 _a12 p.
490 _aPrecos Medios do Boi Gordo e La (Brazil)
_v
_x
650 _aGADO DE CORTE
650 _aLA
650 _aPRECO MEDIO
909 _a202312
_bLúcia Elande
_c55
_dLúcia Elande
942 _2AGRIS
_n0
_cMS
999 _c277143
_d277143